Πώς πάνε στον ''παράδεισο'' του Αρκά; : (ανατρέχοντας στην ιστορία του γέλιου)

Αποθηκεύτηκε σε:
Λεπτομέρειες βιβλιογραφικής εγγραφής
Κύριος συγγραφέας: Μαρτινίδης, Πέτρος, 1946-
Μορφή: Βιβλίο
Γλώσσα:Greek
Δημοσίευση: [Αθήνα] : Ύψιλον, 2007.
Σειρά:Ύψιλον / Βιβλία
Θέματα:
Ετικέτες: Προσθήκη ετικέτας
Δεν υπάρχουν, Καταχωρήστε ετικέτα πρώτοι!

MARC

LEADER 00000cam a2200000 a 4500
001 1/112360
008 161124syyyy2007gr | ||| |||| ||gre||
020 |a 9789601702292 
040 |a GR-MyUa  |b gre  |c GR-MyUa  |e AACR2 
041 0 |a gre 
082 7 |a 741.56   |2 (23) 
100 1 |a Μαρτινίδης, Πέτρος,   |d 1946- 
245 1 0 |a Πώς πάνε στον ''παράδεισο'' του Αρκά; :   |b (ανατρέχοντας στην ιστορία του γέλιου) /   |c Μαρτινίδης Πέτρος.  
260 |a [Αθήνα] :   |b Ύψιλον,   |c 2007.  
300 |a 98 σ. :   |b εικ. ;   |c 24 εκ.  
490 1 |a (Ύψιλον/βιβλία).  
504 |a Ευρετήριο ονομάτων και βιβλιογραφία: σ. [95]-98.  
600 0 0 |a Αρκάς. 
650 0 |a Comic books, strips, etc.  |x History and criticism. 
650 0 |a Comic books, strips, etc.  |z Greece. 
650 0 |a Comic, The, in literature. 
830 0 |a Ύψιλον / Βιβλία 
852 |a INST  |b RHODES  |e 20161124  |h 741.56 ΜΑΡ  |p 005400038938  |q 005400038938  |t BK  |y 0 
970 |z 24-11-2016